Szczegóły MARC21

Polska w warunkach członkostwa w Unii Europejskiej i globalizacji /

003 -Nazwa inst., której nr kontr. jest w polu 001 [,]
    • @
    • Nazwa instytucji, której n kontrolny jest w polu 001
    • NUKAT
005 -DATA I CZAS OSTATNIEJ MODYFIKACJI [,]
    • @
    • pole kontrolne
    • 20241231105022.0
020 -Międzynarod. znormalizowany nr książki - ISBN [ , ]
    • a
    • Numer ISBN
    • 9788361053033 Find
040 -Instytucja sporządzająca opis [ , ]
    • a
    • Instytucja, która sporządziła opis (NP)
    • KR U/IN
    • c
    • Instytucja, która sporządziła rekord (NP)
    • KR U/IN
    • d
    • Instytucja, która zmodyfikowała rekord (P)
    • KR U/ES
    • d
    • Instytucja, która zmodyfikowała rekord (P)
    • LUBL U/ADs
041 -Język dokumentu [0, ]
    • a
    • Język tekstu (P)
    • polski
    • b
    • Język streszczeń lub abstraktu (P)
    • angielski
942 -Rodzaj dokumentu [ , ]
    • c
    • Rodzaj dokumentu
    • Książka
100 -Hasło główne - nazwa osobowa [1, ]
    • a
    • Nazwa osobowa (NP)
    • Puślecki, Zdzisław Walenty
    • d
    • Daty biograficzne (NP)
    • (1947- ).
    • 9
    • KHW
    • 21013
245 -Strefa tytułu i oznaczenia odpowiedzialności [1,0]
    • a
    • Tytuł
    • Polska w warunkach członkostwa w Unii Europejskiej i globalizacji / Find
    • c
    • Pozostałe elementy strefy tytułu i oznaczenia odpowiedzialności (NP)
    • Zdzisław W. Puślecki.
260 -Strefa adresu wydawniczego [ , ]
    • a
    • Miejsce wydania (P)
    • Poznań :
    • b
    • Nazwa wydawcy (P)
    • Wydawnictwo Forum Naukowe :
    • b
    • Nazwa wydawcy (P)
    • PASSAT- Paweł Pietrzyk,
    • c
    • Data wydania (P)
    • 2007.
300 -Strefa opisu fizycznego [ , ]
    • a
    • Określenie formy książki i/lub objętość (NP)
    • 242 s. :
    • b
    • Oznaczenie ilustracji (NP)
    • il. ;
    • c
    • Format (NP)
    • 21 cm.
336 -Typ zawartości [ , ]
    • a
    • Termin opisujący typ zawartości
    • Tekst
    • b
    • Kod określający zawartość
    • txt
    • 2
    • Źródło (terminu i kodu)
    • rdacontent
337 -Typ mediów [ , ]
    • a
    • Tryb odtwarzania
    • Bez urządzenia pośredniczącego
    • b
    • Kod typu mediów
    • n
    • 2
    • Źródło (terminu i kodu)
    • rdamedia
338 -Typ/rodzaj nośnika [ , ]
    • a
    • Hasło opisujące typ nośnika
    • Wolumin
    • b
    • Kod typu nośnika
    • nc
    • 2
    • Źródło (terminu i kodu)
    • rdacarrier
490 -Strefa serii i książki wielotomowej - forma nie do wyszukiwania [1, ]
    • a
    • Tytuł (P)
    • Monografie Find
830 -Hasło dodatkowe serii i opisu książki wielotomowej - tytuł ujednolicony/tytuł [ ,0]
    • a
    • Tytuł ujednolicony/tytuł (NP)
    • Monografie - Wyższa Szkoła Zarządzania i Bankowości w Poznaniu
    • 9
    • KHW
    • 654
504 -Uwaga dot. bibliogr. załącznikowej [ , ]
    • a
    • Uwaga dot. bibliografii załącznikowej
    • Bibliogr. s. 235-242.
521 -Uwaga dot. przeznaczenia czytelniczego [8, ]
    • a
    • Uwaga dot. przeznaczenia czytelniczego
    • Dla praktyków życia gospodarczego na szczeblu centralnym, wojewódzkim, powiatowym i gminnym, a także przez menedżerów firm państwowych i prywatnych w przemyśle, rolnictwie, usługach oraz dla pracowników naukowych i studentów uniwersytetów, uczelni ekonomicznych i rolniczych.
546 -Uwaga dot. języka [ , ]
    • a
    • Uwaga dot. języka
    • Streszcz. ang.
610 -Hasło przedmiotowe w formie nazwy ciała zbiorowego [2,7]
    • a
    • Nazwa ciała zbiorowego lub nazwa geograficzna
    • Unia Europejska
    • x
    • Określnik ogólny
    • członkostwo
    • x
    • Określnik ogólny
    • aspekt ekonomiczny
    • z
    • Określnik geograficzny
    • Polska.
    • 2
    • Źródło terminu
    • kaba
    • 9
    • KHW
    • 352950
650 -Hasło przedmiotowe [ ,7]
    • a
    • Hasło przedmiotowe
    • Globalizacja
    • y
    • Określnik chronologiczny
    • 1990-.
    • 2
    • Źródło terminu
    • kaba
    • 9
    • KHW
    • 352949
651 -Hasło przedmiotowe w formie nazwy geograficznej [ ,7]
    • a
    • Nazwa geograficzna
    • Europa
    • x
    • Określnik rzeczowy
    • integracja gospodarcza
    • y
    • Określnik chronologiczny
    • 1990-.
    • 2
    • Źródło terminu
    • kaba
    • 9
    • KHW
    • 350311
651 -Hasło przedmiotowe w formie nazwy geograficznej [ ,7]
    • a
    • Nazwa geograficzna
    • Kraje Unii Europejskiej
    • x
    • Określnik rzeczowy
    • polityka gospodarcza
    • y
    • Określnik chronologiczny
    • 1990-.
    • 2
    • Źródło terminu
    • kaba
    • 9
    • KHW
    • 350260
651 -Hasło przedmiotowe w formie nazwy geograficznej [ ,7]
    • a
    • Nazwa geograficzna
    • Polska
    • x
    • Określnik rzeczowy
    • polityka gospodarcza
    • y
    • Określnik chronologiczny
    • 1989-.
    • 2
    • Źródło terminu
    • kaba
    • 9
    • KHW
    • 124802
920 -ISBN [ , ]
    • a
    • ISBN
    • 978-83-61053-03-3 Find
Status udost. Numer inwentarzowy Sygnatura Data inwentaryzacji Lokalizacja
-2T.20744T.207442019-03-26T